Countries by Date Production - Statistics

General Stats
  • This quiz has been taken 14 times
  • The average score is 19 of 20
Answer Stats
# Country Production (T) % Correct
1 Egypt 1.9 M
100%
4 Iran 1.0 M
100%
5 Iraq 635 K
100%
14 Kuwait 123 K
100%
8 Oman 394 K
100%
6 Pakistan 503 K
100%
19 Qatar 35 K
100%
2 Saudi Arabia 1.6 M
100%
10 UAE 329 K
100%
17 Yemen 66 K
100%
3 Algeria 1.3 M
93%
16 Israel 75 K
93%
20 Jordan 31 K
93%
13 Türkiye 127 K
93%
12 China 161 K
86%
15 Morocco 107 K
86%
7 Sudan 442 K
86%
9 Tunisia 386 K
86%
11 Libya 188 K
79%
18 USA 44 K
79%
No matching quizzes found
Score Distribution
Percent of People with Each Score
Percentile by Number Answered
Your Score History
You have not taken this quiz